Представление документа в формате RUSMARC

ПолеНазваниеЗначение
  Тип записи i
  Библиографический уровень m
001 Контрольный номер RU/IS/BASE/482602709
005 Дата корректировки 20201206204942.8
010 Индекс ISBN __
d Цена 149-75
100 Данные общей обработки __
a Данные общей обработки 19150417d2005||||||| 0engy0189 ca
101 Язык документа 0_
a Язык текста eng
a Язык текста rus
102 Страна публикации __
a Страна публикации RU|
105 Кодированные данные (монография) __
a Кодированные данные (монография) nn|||||||||zy
127 Кодированные данные (звукозаписи-физические характеристики) __
a Продолжительность проигрывания 05 ч 31 мин
200 Заглавие и сведения об ответственности 1_
a Заглавие The Apple-Tree
e Сведения, относящиеся к заглавию [аудиокнига на английском и русском языках : 12+]
f Первые сведения об ответственности John Galsworthy ; read by Cora McDonald, Вадим Максимов ; [перевод М. Панфиловой]
b Общее обозначение материала Звукозапись
200 Заглавие и сведения об ответственности __
d Параллельное заглавие Яблоня
210 Выходные данные __
a Место издания Москва
c Издательство Ардис
d Дата издания 2005
215 Физическое описание __
a Объем 1 электрон. опт. диск (Audio CD)
c Иллюстрации/тип воспроизводства mp3, mono
d Формат 12х14 см
225 Серия __
a Серия Литература на иностранных языках
230 Специфическая характеристика материала: электронные ресурсы __
a Обозначение и объем ресурса Электронные звуковые данные
300 Общие примечания __
a Общие примечания На английском и русском языках
323 Примечание о главных создателях, исполнителях, участниках __
a Примечание о главных создателях, исполнителях, участниках Максимов, В. (читает)
323 Примечание о главных создателях, исполнителях, участниках __
a Примечание о главных создателях, исполнителях, участниках McDonald, C.
330 Аннотация __
a Аннотация Первая любовь для Меган, героини рассказа «Яблоня», оказалась последней. Девушка не смогла пережить предательство любимого человека и ушла из жизни. Страшная развязка любовной истории настигает виновника происшествия лишь в зрелом возрасте.
333 Примечание о целевом назначении __
a Примечание о целевом назначении 12+. Для детей старше 12 лет
337 Примечание о системных требованиях (электронные ресурсы) __
a Примечание о системных требованиях (электронные ресурсы) Системные требования: MS Windows ; Pentium 100 ; RAM 16 Mb; CD-ROM; SVGA 800x600; звуковая карта; аудиосистемы с поддержкой MP3
517 Другие варианты заглавия __
a Другие варианты заглавия The Apple-Tree
606 Тематические рубрики __
a Основная рубрика Художественная литература
606 Тематические рубрики __
a Основная рубрика Литература Европы (произведения)
z Хронологическая подрубрика 19 в. кон.
z Хронологическая подрубрика 20 в.
y Географическая подрубрика Великобритания
610 Ключевые слова __
a Ключевые слова английская литература
a Ключевые слова английский язык
a Ключевые слова любовные рассказы
a Ключевые слова рассказы
a Ключевые слова тема первой любви
686 Индексы других классификаций __
2 Код системы rubbks
a Классификационный индекс 84(4Вел)6-4я04
700 Автор _1
a Фамилия Galsworthy
b Имя J.
f Даты 1867-1933
g Полное личное имя John
4 Код отношения 070
702 Вторичная интеллектуальная ответственность _1
a Фамилия Панфилова
b Имя М.
4 Код отношения Переводчик
4 Код отношения 730
790 Имя лица - альтернативная форма __
a Имя лица - альтернативная форма Голсуорси, Д.
801 Источник записи _0
a Страна RU
b Организация Муниципальное бюджетное учреждение культуры "Централизованная библиотечная система" г. Сургут (Центральная городская библиотека им. А. С. Пушкина)
c Дата составления 20150417
g Правила каталогизации КиК/Котельникова
801 Источник записи _1
a Страна RU
b Организация Муниципальное бюджетное учреждение культуры "Централизованная библиотечная система" г. Сургут (Центральная городская библиотека им. А. С. Пушкина)
c Дата составления 20150417
g Правила каталогизации КиК/Котельникова
852 Данные о местонахождении __
j Шифр хранения 84(4Вел)6-4я04
i Авторский знак G 15
901 Тип документа __
t Тип документа 0
903 Характеристики (МАРС) __
a Дата передачи 20150417
969 Тип издания __
a Тип издания аудиокнига; издание для слепых
990 Данные о заказе (DOS) __
j Количество экземпляров (DOS) 1
t N записи в КСУ для И/У (DOS) 201504